Search the Library Catalogue
| 000 -LEADER | |
|---|---|
| fixed length control field | 00842nam a2200265Ia 4500 |
| 008 - FIXED-LENGTH DATA ELEMENTS--GENERAL INFORMATION | |
| fixed length control field | 191130s1999##################000#0#eng## |
| 020 ## - INTERNATIONAL STANDARD BOOK NUMBER | |
| ISBN | 9780521646161 |
| 082 ## - DEWEY DECIMAL CLASSIFICATION NUMBER | |
| Classification number | 321.8 PRZ |
| 245 ## - TITLE STATEMENT | |
| Title | Democracy, accountability, and representation |
| Statement of responsibility, etc | edited by Adam Przeworski, Susan C. Stokes, Bernard Manin |
| 260 ## - PUBLICATION, DISTRIBUTION, ETC. (IMPRINT) | |
| Place of publication | Cambridge |
| Name of publisher | Cambridge University Press |
| Year of publication | 1999 |
| 300 ## - PHYSICAL DESCRIPTION | |
| Number of Pages | ix, 351 p. : ill. ; 24 cm |
| 500 ## - GENERAL NOTE | |
| General note | Includes bibliographical references and indexes |
| 650 ## - SUBJECT ADDED ENTRY--TOPICAL TERM | |
| Topical Term | Democracy |
| Topical Term | Elections |
| Topical Term | Representative government and representation |
| Topical Term | Responsibility |
| 700 ## - ADDED ENTRY--PERSONAL NAME | |
| Personal name | Manin, Bernard |
| Personal name | Przeworski, Adam |
| Personal name | Stokes, Susan Carol |
| 991 ## - | |
| -- | 160565 |
| Withdrawn status | Lost status | Damaged status | Not for loan | Home library | Current library | Shelving location | Date acquired | Full call number | Accession Number | Price effective from | Koha item type |
|---|---|---|---|---|---|---|---|---|---|---|---|
| Anna Centenary Library | Anna Centenary Library | 3RD FLOOR, B WING | 12.10.2020 | 321.8 PRZ | 233545 | 12.10.2020 | English Books |